Modi di : sesso e salute di lesbiche, gay e bisessuali oggi in Italia : sintesi dei principali risultati sociosanitari /

Kaydedildi:
Detaylı Bibliyografya
Diğer Yazarlar: Lelleri, Raffaele
Materyal Türü: Kitap
Dil:İtalyanca
Baskı/Yayın Bilgisi: Bologna : Arcigay, 2005
Etiketler: Etiketle
Etiket eklenmemiş, İlk siz ekleyin!

MARC

LEADER 00000nam a22000007i 4500
001 IT\ICCU\TSA\1703419
003 ItRI
005 20240213190733.0
008 210607s2005 it |||||| ||||| |||||c
040 |b ita  |c GP 
041 7 |a ita  |2 ISO-639-2 
245 0 0 |a Modi di :  |b sesso e salute di lesbiche, gay e bisessuali oggi in Italia : sintesi dei principali risultati sociosanitari /  |c Raffaele Lelleri ... [et al.]. 
260 |a Bologna :  |b Arcigay,  |c 2005 
300 |a 13 p. :  |b ill. ;  |c 21 cm. 
700 1 |a Lelleri, Raffaele  |0 IT\ICCU\UBOV\320510 
942 |2 ddc  |c BK 
952 |0 0  |1 0  |2 ddc  |4 0  |6 306_766000000000000_MOD  |7 1  |9 651  |a RM  |b RM  |d 2024-02-13  |l 0  |o 306.766 MOD  |p 161  |r 2024-02-13 19:08:02  |w 2024-02-13  |y BK 
981 1 |6 z01  |a i   |b xxxe  
982 1 |6 z01  |a n 
999 |c 607  |d 607